<?xml version="1.0" encoding="UTF-8"?>
<record
    xmlns:xsi="http://www.w3.org/2001/XMLSchema-instance"
    xsi:schemaLocation="http://www.loc.gov/MARC21/slim http://www.loc.gov/standards/marcxml/schema/MARC21slim.xsd"
    xmlns="http://www.loc.gov/MARC21/slim">

  <leader>00833nam a22001937a 4500</leader>
  <controlfield tag="005">20240926105952.0</controlfield>
  <datafield tag="010" ind1=" " ind2=" ">
    <subfield code="a">HIN-128479</subfield>
  </datafield>
  <datafield tag="020" ind1=" " ind2=" ">
    <subfield code="a">9789393166296</subfield>
    <subfield code="c">599.00</subfield>
  </datafield>
  <datafield tag="035" ind1=" " ind2=" ">
    <subfield code="a">HN-100825</subfield>
  </datafield>
  <datafield tag="037" ind1=" " ind2=" ">
    <subfield code="b">DBAD</subfield>
  </datafield>
  <datafield tag="082" ind1=" " ind2=" ">
    <subfield code="a">821.08</subfield>
  </datafield>
  <datafield tag="100" ind1=" " ind2=" ">
    <subfield code="a">&#x92A;&#x93E;&#x91F;&#x947;&#x932; &#x92E;&#x926;&#x928; &#x932;&#x93E;&#x932;</subfield>
    <subfield code="9">71987</subfield>
  </datafield>
  <datafield tag="245" ind1=" " ind2=" ">
    <subfield code="a">&#x939;&#x93F;&#x902;&#x926;&#x940; &#x915;&#x940; &#x92E;&#x94C;&#x91C;&#x942;&#x926;&#x93E; &#x935;&#x93F;&#x927;&#x93E;&#x90F;/</subfield>
    <subfield code="c">&#x92E;&#x926;&#x928; &#x932;&#x93E;&#x932; &#x936;&#x930;&#x94D;&#x92E;&#x93E;</subfield>
  </datafield>
  <datafield tag="250" ind1=" " ind2=" ">
    <subfield code="a">&#x92A;&#x94D;&#x930;&#x925;&#x92E; </subfield>
  </datafield>
  <datafield tag="260" ind1=" " ind2=" ">
    <subfield code="a">&#x909;&#x924;&#x94D;&#x924;&#x930; &#x92A;&#x94D;&#x930;&#x926;&#x947;&#x936;</subfield>
    <subfield code="b">&#x938;&#x94B;&#x936;&#x932; &#x930;&#x93F;&#x938;&#x930;&#x94D;&#x91A; &#x92B;&#x93E;&#x909;&#x902;&#x921;&#x947;&#x936;&#x928; &#x92A;&#x94D;&#x930;&#x915;&#x93E;&#x936;&#x928;</subfield>
    <subfield code="c">208011</subfield>
  </datafield>
  <datafield tag="270" ind1=" " ind2=" ">
    <subfield code="a">128/170, &#x90F;&#x91A;-&#x92C;&#x94D;&#x932;&#x949;&#x915;, &#x915;&#x93F;&#x926;&#x935;&#x93E;&#x908; &#x928;&#x917;&#x930; , </subfield>
    <subfield code="b">&#x915;&#x93E;&#x928;&#x92A;&#x941;&#x930;</subfield>
    <subfield code="e">208011</subfield>
    <subfield code="k">9335332333, 9839074762</subfield>
  </datafield>
  <datafield tag="300" ind1=" " ind2=" ">
    <subfield code="a">144 &#x92A;&#x943;.</subfield>
    <subfield code="c">22 &#x938;&#x947;&#x92E;&#x940; (&#x938;&#x91C;&#x93F;&#x932;&#x94D;&#x926;)</subfield>
  </datafield>
  <datafield tag="942" ind1=" " ind2=" ">
    <subfield code="2">ddc</subfield>
    <subfield code="c">HN</subfield>
    <subfield code="h">821.08</subfield>
    <subfield code="m">&#x92A;&#x93E;&#x91F;&#x947;&#x932;</subfield>
  </datafield>
  <datafield tag="999" ind1=" " ind2=" ">
    <subfield code="c">205915</subfield>
    <subfield code="d">205915</subfield>
  </datafield>
  <datafield tag="952" ind1=" " ind2=" ">
    <subfield code="0">0</subfield>
    <subfield code="1">0</subfield>
    <subfield code="4">0</subfield>
    <subfield code="7">1</subfield>
    <subfield code="8">NFIC</subfield>
    <subfield code="a">BL4</subfield>
    <subfield code="b">BL4</subfield>
    <subfield code="d">2024-09-26</subfield>
    <subfield code="e">DBAD</subfield>
    <subfield code="g">599.00</subfield>
    <subfield code="l">0</subfield>
    <subfield code="o">821.08 &#x92A;&#x93E;&#x91F;&#x947;&#x932;</subfield>
    <subfield code="p">HN-100825</subfield>
    <subfield code="r">2024-09-26 00:00:00</subfield>
    <subfield code="t">1</subfield>
    <subfield code="v">599.00</subfield>
    <subfield code="w">2024-09-26</subfield>
    <subfield code="y">HN</subfield>
  </datafield>
</record>
